[Event "Bozen op"]
[Site "Bozen"]
[Date "1992.??.??"]
[Round "1"]
[White "Komarov, Dimitri"]
[Black "Ljubisavljevic, Zivojin Z"]
[Result "1/2-1/2"]
[WhiteElo "2455"]
[BlackElo "2260"]

1.d4 d5 2.Nf3 c6 3.c4 dxc4 4.e3 Nf6 5.Bxc4 e6 6.O-O Be7 7.Nc3 O-O 8.e4 b5
9.Bd3 b4 10.Ne2 Ba6 11.Be3 c5 12.Ne5 Bxd3 13.Qxd3 Nfd7 14.Nc4 Nb6 15.Rfd1 Nc6
16.d5 exd5 17.exd5 Nxc4 18.Qxc4 Ne5 19.Qc2 Bd6 20.h3 Qa5 21.Nf4 c4 22.Rd4 Rac8
23.Rad1 Rfe8 24.Ne2  1/2-1/2

[Event "Spring op"]
[Site "Budapest"]
[Date "1992.??.??"]
[Round "?"]
[White "Lisik, Valery"]
[Black "Skomorokhin, Roman"]
[Result "1-0"]
[WhiteElo "2475"]
[BlackElo "2310"]

1.d4 d5 2.Nf3 c6 3.c4 dxc4 4.e3 b5 5.a4 e6 6.b3 Bb4+ 7.Bd2 Bxd2+ 8.Nfxd2 a5
9.axb5 cxb3 10.Qxb3 cxb5 11.Bxb5+ Kf8 12.O-O Ne7 13.Nc3 h5 14.Be2 Nbc6 15.Bf3 Ra6
16.Nc4 g6 17.Qa3 Kg7 18.Qc5 Bd7 19.Rfb1 h4 20.h3 Nd5 21.Nxd5 exd5 22.Qxd5 Qc7
23.Qc5 a4 24.Rb6 Rxb6 25.Nxb6  1-0

[Event "Spring op"]
[Site "Budapest"]
[Date "1992.??.??"]
[Round "?"]
[White "Varga, Peter"]
[Black "Skomorokhin, Roman"]
[Result "0-1"]
[WhiteElo "2310"]
[BlackElo "2310"]

1.d4 d5 2.c4 dxc4 3.Nf3 c6 4.Nc3 e6 5.e3 b5 6.a4 Bb4 7.Bd2 Nf6 8.axb5 Bxc3
9.Bxc3 cxb5 10.b3 O-O 11.bxc4 bxc4 12.Bxc4 Qc7 13.Qb3 Nc6 14.O-O Bd7 15.Rfc1 Rfb8
16.Qa2 Qd8 17.Ne5 Nb4 18.Qe2 Be8 19.e4 a5 20.Rd1 Qc7 21.Rac1 Qb7 22.f3 Rd8
23.Rb1 Qe7 24.Qd2 Rab8 25.Kh1 Rb7 26.Ra1 a4 27.g4 Nc6 28.g5 Nxe5 29.gxf6 Qxf6
30.Be2 Ng6 31.d5 Qf4 32.Qd4 e5 33.Qc5 Bb5 34.Bd2 Qf6 35.Bxb5 Qxf3+ 36.Kg1 Nh4
37.Bf1 Qg4+ 38.Kf2 Rb3 39.Qc4 Rf3+ 40.Ke1 Qg1 41.Qe2 Rb3 42.Rdb1 Nf3+ 43.Kd1 Nxd2
44.Rxb3 axb3  0-1

[Event "Elekes mem"]
[Site "Budapest"]
[Date "1992.??.??"]
[Round "9"]
[White "Schlosser, Philipp"]
[Black "Lukacs, Peter"]
[Result "1-0"]
[WhiteElo "2485"]
[BlackElo "2490"]

1.c4 Nf6 2.Nf3 c6 3.d4 d5 4.Qc2 dxc4 5.Qxc4 Bf5 6.g3 e6 7.Bg2 Be7 8.O-O O-O
9.Nc3 Nbd7 10.e3 Ne4 11.Qe2 Qa5 12.Bd2 Nxd2 13.Nxd2 Qb4 14.Nc4 b5 15.e4 Bxe4
16.Bxe4 Qxc4 17.Qxc4 bxc4 18.Bxc6 Rad8 19.Rfd1 Nb6 20.d5 exd5 21.Nxd5 Nxd5
22.Bxd5 Bf6 23.Rab1 Rd7 24.Bxc4 Rxd1+ 25.Rxd1 Bxb2 26.Rd7 a5 27.Bb3 g6 28.Kg2 Kg7
29.f4 h5 30.Kf3 Ba3 31.Ra7 Bb4 32.h3 Be1 33.Rd7 Bb4 34.g4 Bc5 35.g5 a4 36.Bxa4 Re8
37.Rd3 Re7 38.Bb3 f6 39.h4 fxg5 40.hxg5 h4 41.Kg4 Bf2 42.Rd2 Be1 43.Rd3 Re2
44.Rd7+ Kh8 45.Bf7 Rg2+ 46.Kf3 h3 47.Bxg6 Rxa2 48.Rh7+ Kg8 49.Rxh3  1-0

[Event "Budapest Nuovo"]
[Site "Budapest"]
[Date "1992.??.??"]
[Round "10"]
[White "Szabolcsi, Janos"]
[Black "Baburin, Alexander"]
[Result "0-1"]
[WhiteElo "2375"]
[BlackElo "2490"]

1.d4 d5 2.Nf3 c6 3.c4 dxc4 4.e3 b5 5.a4 e6 6.b3 Bb4+ 7.Bd2 Bxd2+ 8.Nfxd2 a5
9.bxc4 b4 10.c5 Nf6 11.Nc4 O-O 12.Nbd2 Ba6 13.Nb6 Ra7 14.Bxa6 Rxa6 15.Nb3 Nbd7
16.Nc4 Qc7 17.f4 Nd5 18.O-O f5 19.Qd3 N7f6 20.Nd6 Ra7 21.g3 Nc3 22.Nd2 Rd8
23.Rfe1 Rxd6 24.cxd6 Qxd6 25.Qc4 Qd5 26.Qxd5 exd5 27.Nb3 Kf7 28.Kg2 Ke7 29.Kf3 Kd6
30.h3 h5 31.Rg1 Kc7 32.Nc5 Kb6 33.Rgc1 Nfe4 34.Nxe4 dxe4+ 35.Kf2 c5 36.g4 hxg4
37.hxg4 fxg4 38.Rg1 Rc7 39.Rxg4 b3 40.Ra3 c4 41.Rg1 Nd5  0-1

[Event "Candas op"]
[Site "Candas"]
[Date "1992.??.??"]
[Round "6"]
[White "Nedobora, Mikhail"]
[Black "Campora, Daniel H"]
[Result "0-1"]
[WhiteElo "2355"]
[BlackElo "2550"]

1.d4 d5 2.c4 c6 3.Nf3 Nf6 4.Qb3 g6 5.Nc3 dxc4 6.Qxc4 Bg7 7.e4 O-O 8.Be2 Nfd7
9.O-O Nb6 10.Qd3 Bg4 11.Rd1 Na6 12.Bg5 Bxf3 13.Bxf3 c5 14.d5 c4 15.Qd2 Nc5
16.Bh6 e5 17.Be3 Ncd7 18.Be2 f5 19.f3 Rc8 20.Nb5 fxe4 21.fxe4 Nf6 22.Nxa7 c3
23.Qd3 Rc4 24.Bf3 c2 25.Rdc1 Nfxd5 26.exd5 e4 27.Qb3 exf3 28.Bxb6 Qh4 29.gxf3 Rb4
30.Qd3 Rxb6 31.Rxc2 Bd4+ 32.Kh1 Rxb2 33.Rxb2 Bxb2 34.Rd1 Be5 35.Qe2 Qh3 36.d6 Bxh2
37.Qc4+ Kh8 38.Qg4 Qh6 39.d7 Bb8+ 40.Kg2 Qh2+ 41.Kf1 Bxa7 42.Rd4 Bb6  0-1

[Event "Cannes op"]
[Site "Cannes"]
[Date "1992.??.??"]
[Round "?"]
[White "Adrian, Claude"]
[Black "Velikov, Petar"]
[Result "0-1"]
[WhiteElo "2295"]
[BlackElo "2445"]

1.c4 Nf6 2.Nf3 c6 3.d4 d5 4.Qb3 e6 5.g3 Nbd7 6.Bg2 Be7 7.O-O O-O 8.Nc3 Bd6
9.Bf4 Bxf4 10.gxf4 Ng4 11.e3 Ndf6 12.Ne2 Ne4 13.Ng3 Nd6 14.c5 Ne8 15.Qc2 Nc7
16.b4 f6 17.Qb2 Bd7 18.a4 a6 19.Bh3 Nh6 20.Kh1 Be8 21.Rg1 Qe7 22.Rg2 Kh8
23.Rag1 g6 24.Qd2 Bd7 25.Qc2 Rg8 26.Ne2 Rae8 27.Nh4 Qf7 28.Rg3 Rg7 29.Bg2 e5
30.fxe5 fxe5 31.dxe5 Rxe5 32.Rf3 Qe7 33.Qc3 Bg4 34.Nf4 Bxf3 35.Bxf3 Rg5 36.Nfxg6+ hxg6
37.Nxg6+ Rxg6 38.Rxg6 Kh7 39.Rxg7+ Qxg7  0-1

[Event "Cannes op"]
[Site "Cannes"]
[Date "1992.??.??"]
[Round "?"]
[White "Bernard, Christophe"]
[Black "Kirov, Nino"]
[Result "0-1"]
[WhiteElo "2270"]
[BlackElo "2470"]

1.d4 d5 2.c4 c6 3.Nf3 Nf6 4.Qc2 g6 5.Bf4 Bg7 6.e3 O-O 7.Nc3 Be6 8.c5 b6 9.cxb6 axb6
10.Be2 c5 11.O-O Bf5 12.Bd3 Bxd3 13.Qxd3 c4 14.Qe2 Nc6 15.Ne5 Na5 16.Qf3 e6
17.Bg5 h6 18.Bh4 g5 19.Bg3 Nd7 20.Qh5 Nxe5 21.dxe5 Nc6 22.Rad1 Bxe5 23.Qxh6 Qf6
24.Qh3 Qh8 25.Qxh8+ Bxh8 26.Rd2 b5 27.Nxb5 Rxa2 28.Rdd1 Rxb2 29.Nd4 c3 30.Rc1 Bxd4
31.exd4 Nxd4 32.Rfd1 c2  0-1

[Event "Cappelle op"]
[Site "Cappelle la Grande"]
[Date "1992.??.??"]
[Round "5"]
[White "Helgason, Reynir"]
[Black "Forbes, Cathy"]
[Result "1-0"]
[WhiteElo "2335"]
[BlackElo "2125"]

1.d4 d5 2.Nf3 Nf6 3.c4 c6 4.Qc2 e6 5.g3 Bb4+ 6.Bd2 Be7 7.Bg2 Ne4 8.Bf4 g5
9.Bd2 Nd7 10.h4 g4 11.Ne5 Nxd2 12.Nxd2 Nxe5 13.dxe5 Qa5 14.O-O f5 15.exf6 Bxf6
16.cxd5 exd5 17.e4 O-O 18.exd5 cxd5 19.Nb3 Qd8 20.Rad1 Be6 21.Nd4 Rc8 22.Qe2 Bf7
23.Qxg4+ Kh8 24.Qf4 Bh5 25.Ne6 Bxb2 26.Nxf8 Bxd1 27.Ng6+ Kg7 28.Rxd1 hxg6
29.Rxd5 Qc7 30.Qg4 Qc1+ 31.Rd1 Qc2 32.Rd7+ Kf8 33.Be4 Qc1+ 34.Kg2 Rc7 35.Qf3+  1-0

[Event "JUG-chT"]
[Site "Cetinje"]
[Date "1992.??.??"]
[Round "?"]
[White "Drasko, Milan"]
[Black "Kosic, Dragan"]
[Result "1-0"]
[WhiteElo "2485"]
[BlackElo "2435"]

1.d4 d5 2.c4 c6 3.Nf3 Nf6 4.Qc2 g6 5.Bf4 Na6 6.e3 Bg7 7.Nc3 O-O 8.Be2 c5
9.O-O cxd4 10.Nxd4 dxc4 11.Bxc4 Qa5 12.Ndb5 Bd7 13.a3 Rac8 14.Qe2 Qb6 15.Rad1 Qc5
16.Ba2 Rfd8 17.e4 Bg4 18.Rxd8+ Rxd8 19.Qe3 Qb6 20.Qxb6 axb6 21.f3 Bc8 22.Be3 Nc5
23.b4 Rd3 24.Kf2 Ne6 25.Bc4 Rd8 26.Nd5 Bd7 27.Nxb6 Bxb5 28.Bxb5 Nd4 29.Rd1 e5
30.Bf1 Ne8 31.Rc1 Nd6 32.a4 f5 33.Bc4+ Kh8 34.Bd5 fxe4 35.fxe4 Bf6 36.Bh6 g5
37.Rc7 Re8 38.Rd7 Be7 39.b5 Nc2 40.Ke2 Nd4+ 41.Kd3 N4f5 42.exf5 Nxf5 43.Be4 Nxh6
44.Nd5 Ng8  1-0

[Event "JUG-chT"]
[Site "Cetinje"]
[Date "1992.??.??"]
[Round "?"]
[White "Sahovic, Dragutin"]
[Black "Misailovic, Nebojsa"]
[Result "1/2-1/2"]
[WhiteElo "2385"]
[BlackElo "2430"]

1.d4 d5 2.c4 c6 3.Nf3 Nf6 4.Qc2 g6 5.cxd5 Bf5 6.Qb3 Nxd5 7.Nc3 Qb6 8.Qxb6 Nxb6
9.e4 Be6 10.b3 Bg7 11.Be3 h6 12.Rc1 N8d7 13.Be2 O-O 14.O-O f5 15.exf5 gxf5
16.Bf4 Nf6 17.Rfe1 Ne4 18.Be5 Bxe5  1/2-1/2

[Event "Czestochowa op"]
[Site "Czestochowa"]
[Date "1992.??.??"]
[Round "2"]
[White "Zimmerman, Yuri"]
[Black "Krauze, Dariusz"]
[Result "0-1"]
[WhiteElo "2280"]
[BlackElo "2315"]

1.d4 d5 2.Nf3 Nf6 3.c4 c6 4.Qc2 g6 5.Bf4 Bf5 6.Qb3 Qb6 7.e3 Nbd7 8.Nc3 Qxb3
9.axb3 e6 10.c5 Nh5 11.Bc7 Rc8 12.Bd6 Bxd6 13.cxd6 a6 14.Ne5 Nhf6 15.f3 h5
16.b4 g5 17.Na4 Nxe5 18.dxe5 Nd7 19.Nc5 Rb8 20.f4 f6 21.Nxd7 Kxd7 22.Be2 Be4
23.Bf3 Bxf3 24.gxf3 fxe5 25.fxe5 Rbf8 26.Rg1 Rf5 27.f4 Rhf8 28.b5 gxf4 29.bxc6+ Kxc6
30.Rc1+ Kb6 31.d7 Rd8 32.Rg7 fxe3 33.Rc8 Rff8 34.Ke2 Rxc8 35.dxc8=Q Rxc8
36.Kxe3 Rc4 37.Kd3 Re4 38.Rg5 h4 39.Rh5 Kb5 40.h3 a5 41.Rh6 Rxe5 42.Rxh4 Kc5
43.Rh8 b5 44.h4 Rf5 45.h5 Rf3+ 46.Ke2 Rb3 47.Kf2 Rxb2+ 48.Kg3 Kd4 49.Rc8 Rb1
50.Kg2 Re1 51.h6 Re5 52.h7 Rh5 53.h8=Q+ Rxh8 54.Rxh8 a4 55.Kf2 a3 56.Ke2 Kc3
57.Rc8+ Kb3 58.Kd2 b4 59.Kc1 a2 60.Ra8 d4 61.Ra5 e5 62.Ra6 e4 63.Ra7 e3  0-1

[Event "EU-chT (Men)"]
[Site "Debrecen"]
[Date "1992.??.??"]
[Round "5"]
[White "Skembris, Spyridon"]
[Black "Titov, German"]
[Result "1-0"]
[WhiteElo "2530"]
[BlackElo "2490"]

1.Nf3 Nf6 2.d4 d5 3.c4 c6 4.Qc2 g6 5.Bf4 Bf5 6.Qb3 Qb6 7.e3 Na6 8.Nc3 Nb4
9.c5 Nd3+ 10.Bxd3 Qxb3 11.axb3 Bxd3 12.Ne5 Bf5 13.b4 Nd7 14.b5 Nxe5 15.Bxe5 f6
16.Bg3 e5 17.dxe5 Bxc5 18.O-O Kf7 19.Rfc1 Rhc8 20.exf6 Kxf6 21.bxc6 bxc6
22.Ra6 Ke7 23.Nxd5+  1-0

[Event "EU-chT (Men)"]
[Site "Debrecen"]
[Date "1992.??.??"]
[Round "7"]
[White "Gausel, Einar"]
[Black "Renet, Olivier"]
[Result "1/2-1/2"]
[WhiteElo "2445"]
[BlackElo "2495"]

1.Nf3 Nf6 2.c4 c6 3.d4 d5 4.Qb3 g6 5.cxd5 Qxd5 6.Qxd5 cxd5 7.Nc3 Bg7 8.Bg5 Be6
9.e3 Nc6 10.Rc1 Rc8 11.Bd3 Nd7 12.O-O Nb6 13.Nd2 f6 14.Bh4 Bf7 15.Bg3 O-O
16.a3 Na5 17.b3 a6 18.Ne2 e5 19.f4 e4 20.Bb1 f5 21.Ba2 Bf6 22.Rxc8 Rxc8 23.Rc1 Rxc1+
24.Nxc1 Be7 25.Nb1 Nc6 26.Be1 g5 27.Bg3 h6 28.Kf2 Kf8 29.Ne2 Ke8 30.h3 Kd7
31.Bh2 Be6 32.Ke1 Bd6 33.fxg5 hxg5 34.Bxd6 Kxd6 35.g3 Ne7 36.h4 f4 37.exf4 gxh4
38.gxh4 Nf5 39.Nd2 Bf7 40.Nf1 Nxh4 41.Kf2 Nf5 42.Nfg3 Nh6 43.b4 Nc8 44.Kg2 Be6
45.Nc3 Na7 46.Bb3 Nc6 47.Ngxe4+ dxe4 48.Bxe6 Kxe6 49.d5+ Kf5 50.dxc6 bxc6
51.Kg3 Nf7 52.Na4 Nd6 53.Nc5 Nc4 54.Nxa6 Nxa3 55.Nb8 Nc2 56.Nxc6 e3 57.Kf3 e2
58.Kxe2 Nxb4 59.Nxb4 Kxf4  1/2-1/2

[Event "Dresden (Women)"]
[Site "Dresden"]
[Date "1992.??.??"]
[Round "?"]
[White "Eretova, Kveta"]
[Black "Trabert, Bettina"]
[Result "0-1"]
[WhiteElo "2105"]
[BlackElo "2145"]

1.d4 d5 2.Nf3 c6 3.c4 Nf6 4.Qc2 g6 5.Bf4 Bf5 6.Qb3 Qb6 7.Nbd2 Bg7 8.c5 Qxb3
9.axb3 O-O 10.e3 Nbd7 11.h3 h6 12.b4 g5 13.Bh2 Ne4 14.Nb3 Rfe8 15.Ne5 Nef6
16.Rc1 Nxe5 17.dxe5 Nd7 18.f4 e6 19.Be2 gxf4 20.exf4 f6 21.Nd4 fxe5 22.Nxf5 exf5
23.fxe5 Bxe5 24.Bxe5 Nxe5 25.O-O Rf8 26.Rce1 Rae8 27.Bh5 Re7 28.Re2 Kg7 29.Rfe1 Kf6
30.h4 Rg8 31.Rf1 Ng6  0-1

[Event "Dubai Asian Cities"]
[Site "Dubai"]
[Date "1992.??.??"]
[Round "7"]
[White "Johansen, Darryl K"]
[Black "Murshed, Niaz"]
[Result "1/2-1/2"]
[WhiteElo "2485"]
[BlackElo "2505"]

1.c4 Nf6 2.d4 c6 3.Nf3 d5 4.Nbd2 Bf5 5.g3 e6 6.Bg2 Nbd7 7.O-O Bd6 8.b3 Qe7
9.Bb2 h5 10.h3 h4 11.g4 Bxg4 12.hxg4 h3 13.Bh1 Nxg4 14.Re1 h2+ 15.Kf1 f5
16.e3 O-O-O 17.c5 Bc7 18.b4 Ndf6 19.Qb3 Ne4 20.Re2 Rh7 21.b5 Rdh8 22.bxc6 bxc6
23.Qa4 Kd7 24.Ke1 Rb8 25.Nxe4 fxe4 26.Ne5+ Nxe5 27.dxe5 Qxc5 28.Rc2 Qa5+
29.Qxa5 Bxa5+ 30.Ke2 Rh4 31.f3 exf3+ 32.Bxf3 g5 33.Ba3 g4 34.Bh1 Bc7 35.Rf1 Rh7
36.Bb2 g3 37.Kf3 Rf8+ 38.Kg2 Rg8  1/2-1/2

[Event "Wch U18"]
[Site "Duisburg"]
[Date "1992.??.??"]
[Round "9"]
[White "Kumaran, Dharshan"]
[Black "Ansell, Simon"]
[Result "1-0"]
[WhiteElo "2380"]
[BlackElo "2285"]

1.d4 d5 2.c4 c6 3.Nf3 Nf6 4.Qb3 e6 5.Bg5 Be7 6.e3 O-O 7.Nc3 Qb6 8.c5 Qa5
9.Bd3 b6 10.Qc2 h6 11.Nd2 Ba6 12.Bh7+ Nxh7 13.Bxe7 Re8 14.b4 Qa3 15.Bd6 bxc5
16.Bxc5 Bb5 17.Nxb5 cxb5 18.O-O Nd7 19.Nb1 Qa6 20.Nc3 Nxc5 21.dxc5 Qc6 22.a4 bxa4
23.Qxa4 Rec8 24.Qxc6 Rxc6 25.Ra5 Rb8 26.Nb5 a6 27.Nd4 Rcc8 28.Nc2 Nf6 29.Rxa6 Ne8
30.Rfa1 Nc7 31.Rc6 Nb5 32.Rxc8+ Rxc8 33.Kf1 Kf8 34.Ke2 Ke7 35.Nd4 Nxd4+ 36.exd4 Rb8
37.Rb1 Kd7 38.b5 Ra8 39.Rb3 f6 40.f4 Re8 41.Ra3 e5 42.Ra7+ Ke6 43.b6 exd4
44.Kd3 g5 45.b7 Rb8 46.c6  1-0

[Event "FIN-chT"]
[Site "FIN"]
[Date "1992.??.??"]
[Round "?"]
[White "Kiviaho, Allan"]
[Black "Laine, Heikki"]
[Result "0-1"]
[WhiteElo "2240"]
[BlackElo "2260"]

1.Nf3 Nf6 2.c4 c6 3.g3 d5 4.d4 g6 5.Bg2 Bg7 6.O-O O-O 7.Nc3 Ne4 8.cxd5 cxd5
9.Bf4 Nxc3 10.bxc3 Nc6 11.Nd2 Be6 12.f3 Rc8 13.Nb3 b6 14.e4 Qd7 15.Qd2 Rfd8
16.Rae1 Na5 17.Nxa5 bxa5 18.e5 Qc6 19.Rc1 Rb8 20.g4 Rb6 21.h3 Rdb8 22.Rf2 a4
23.Bf1 a3 24.Qd3 Rb2 25.Rcc2 Qc4 26.Qd1 Qxa2 27.c4 Qb3 28.Bc1 Rxc2 29.Rxc2 dxc4
30.Qe2 Bd5 31.Bg2 Qd3 32.Qf2 Rb1 33.Bf1 Qb3 34.Qe2 a2 35.Rxa2 Rxc1 36.Rxa7 Qxf3
37.Qxf3 Bxf3 38.Kf2 Bd5 39.Rxe7 Be6 40.Re8+ Bf8 41.Rd8 Kg7 42.d5 Be7  0-1

[Event "Forli op"]
[Site "Forli"]
[Date "1992.??.??"]
[Round "5"]
[White "Malaniuk, Vladimir P"]
[Black "Maljutin, Evgeni"]
[Result "1-0"]
[WhiteElo "2540"]
[BlackElo "2480"]

1.d4 d5 2.c4 c6 3.Nf3 dxc4 4.e3 b5 5.a4 e6 6.axb5 cxb5 7.b3 Bb4+ 8.Bd2 Bxd2+
9.Nbxd2 a5 10.bxc4 b4 11.c5 Nf6 12.Bb5+ Bd7 13.Qa4 O-O 14.Ne5 Bxb5 15.Qxb5 Qc7
16.Ndc4 Nfd7 17.Nxd7 Nxd7 18.Rxa5 Rxa5 19.Nxa5 Rb8 20.Qa6 b3 21.O-O b2 22.Rb1 Nxc5
23.dxc5 Qxc5 24.Nc4 h6 25.Qd6 Qxd6 26.Nxd6 Rb4 27.f3 f5 28.e4 g6 29.e5 g5
30.Kf2 h5 31.Ke3 g4 32.fxg4 hxg4 33.Kd2 g3 34.Kc3 Ra4 35.hxg3 Ra3+ 36.Kd4 Rxg3
37.Rxb2 Kg7 38.Rb7+  1-0

[Event "BL2-N9192"]
[Site "Germany"]
[Date "1992.??.??"]
[Round "?"]
[White "Romanishin, Oleg M"]
[Black "Kalinitschew, Sergey"]
[Result "1/2-1/2"]
[WhiteElo "2600"]
[BlackElo "2430"]

1.d4 d5 2.c4 c6 3.Nf3 Nf6 4.Qb3 dxc4 5.Qxc4 Bf5 6.Nc3 e6 7.g3 Be7 8.Bg2 O-O
9.O-O Nbd7 10.Bg5 h6 11.Bxf6 Bxf6 12.Rfd1 Bc2 13.Rdc1 Nb6 14.Qc5 Bf5 15.Qa3 a5
16.Na4 Nxa4 17.Qxa4 Qb6 18.b3 Be4 19.e3 Bxf3 20.Bxf3 e5 21.dxe5 Bxe5 22.Rab1 Qb4
23.a3  1/2-1/2

[Event "Groningen op"]
[Site "Groningen"]
[Date "1992.??.??"]
[Round "8"]
[White "Davies, Nigel R"]
[Black "Hansen, Lars Bo"]
[Result "1/2-1/2"]
[WhiteElo "2460"]
[BlackElo "2530"]

1.d4 d5 2.Nf3 c6 3.c4 Nf6 4.Qb3 dxc4 5.Qxc4 Bf5 6.g3 e6 7.Bg2 Nbd7 8.O-O Be7
9.e3 O-O 10.Qe2 Ne4 11.Rd1 Qc7 12.Nfd2 Nxd2 13.Bxd2 Rad8 14.Nc3 Bg6 15.e4 Rfe8
16.Be3 Nf6 17.Rac1 Qb8 18.a3 Bh5 19.f3 Nd7 20.Qf2 a6 21.g4 Bg6 22.f4 f6 23.Kh1 Bf7
24.Rg1 Kh8 25.Bf3 b6 26.Rcd1 c5 27.d5 Nf8 28.dxe6 Nxe6 29.Nd5 Bd6 30.Bg2 Nc7
31.Nc3 Bb3 32.Rc1 Ne6 33.Ne2 Ba4 34.Nc3 Bb3 35.Ne2 Ba4 36.Nc3  1/2-1/2

[Event "Helsinki op"]
[Site "Helsinki"]
[Date "1992.??.??"]
[Round "1"]
[White "Kachiani Gersinska, Ketino"]
[Black "Fominyh, Alexander"]
[Result "1-0"]
[WhiteElo "2360"]
[BlackElo "2530"]

1.d4 d5 2.c4 c6 3.Nf3 Nf6 4.Qc2 g6 5.Bf4 Bg7 6.e3 O-O 7.Nc3 c5 8.dxc5 Bf5
9.Qb3 Ne4 10.cxd5 Nxc5 11.Qa3 Qb6 12.Rd1 Nbd7 13.Be2 Ne4 14.Nxe4 Bxe4 15.Qxe7 Nf6
16.Rd2 Rfe8 17.Qd6 Nxd5 18.Rxd5 Bxd5 19.Qxd5 Qxb2 20.Ng5 Qc3+ 21.Kf1 Qc1+
22.Bd1 Rf8 23.Ke2 Rad8 24.Qb3 Rd2+ 25.Kf3 Qc6+ 26.Kg3 Rb2 27.Bf3 Qa6 28.Qd5 Rb5
29.Qd7 Qa5 30.h4 h6 31.Ne4 Qa4 32.Rd1 Rb4 33.Qxa4 Rxa4 34.Rd2 b6 35.Nd6 Kh7
36.Bd5 f5 37.Bb3 Rb4 38.Kh3 Rd8 39.Rd5 a5 40.Nf7 Rxd5 41.Bxd5 Rb2 42.f3 b5
43.e4 b4 44.e5 a4 45.e6 Re2 46.Bd6 Bc3 47.Kh2 Kg7 48.Bc4  1-0

[Event "HUN-ch (Women)"]
[Site "?"]
[Date "1992.??.??"]
[Round "2"]
[White "Nemeth, Maria"]
[Black "Forgo, Eva"]
[Result "1/2-1/2"]
[WhiteElo "2115"]
[BlackElo "2220"]

1.d4 Nf6 2.c4 c6 3.Nf3 d5 4.Qc2 g6 5.Bf4 Bg7 6.e3 O-O 7.h3 Nbd7 8.Bh2 c5
9.Nbd2 cxd4 10.Nxd4 a6 11.Be2 Re8 12.O-O e5 13.N4b3 Nf8 14.cxd5 Nxd5 15.Rfd1 Qe7
16.Nc5 Ne6 17.Nde4 Nb4 18.Qc4 Nxc5 19.Nxc5 Nc6 20.Rac1 e4 21.Bd6 Qh4 22.Bg3 Qe7
23.b3 h5 24.Rd6 Ne5 25.Qd5 Bf5 26.Rd1 Rac8 27.b4 Nc6 28.a3 Red8 29.Rxd8+ Rxd8
30.Bd6 Be6 31.Nxe6 fxe6 32.Qc5 Qe8 33.Bc4 Kh7 34.Be2 Rc8 35.Qg5 Qf7 36.Qh4 Qf5
37.g4 Qf6 38.g5 Qf5 39.Bc5 Ne5 40.Qg3 Nd3 41.Bxd3 exd3 42.e4 Qxe4 43.Qxd3 Qh4
44.Qg3 Qxg3+ 45.fxg3 Rc7 46.Kf2 Kg8 47.Ke3 Kf7 48.Ke4 Ke8 49.Rd6 Rc6 50.Rxc6 bxc6
51.Bd4 Bf8 52.Ke5 Bg7+ 53.Ke4 Bf8 54.Bc5 Bg7 55.Kf4 Bb2 56.a4 e5+ 57.Kf3 Kf7
58.g4 hxg4+ 59.Kxg4 Bc1 60.h4 e4 61.Bd4 Bd2 62.Bc5 Ke6 63.Bf8 Bc3 64.Kf4 Kd5
65.h5 gxh5 66.g6 h4 67.g7 Bxg7 68.Bxg7 h3 69.Kg3 Kc4 70.Kxh3 Kxb4 71.Kg3 Kxa4
72.Kf4 c5 73.Kxe4 Kb3 74.Kd3 c4+ 75.Kd2 a5 76.Bc3 a4 77.Bg7 a3 78.Bf6  1/2-1/2

[Event "HUN-chT"]
[Site "HUN"]
[Date "1992.??.??"]
[Round "?"]
[White "Lengyel, Levente"]
[Black "Nemeth, Zoltan"]
[Result "1/2-1/2"]
[WhiteElo "2375"]
[BlackElo "2360"]

1.d4 d5 2.c4 c6 3.Nf3 Nf6 4.Qc2 dxc4 5.Qxc4 Bf5 6.g3 e6 7.Bg2 Be7 8.O-O O-O
9.Nc3 Nbd7 10.e3 Ne4 11.Nd2 Nxd2 12.Bxd2 e5 13.e4 Nb6 14.Qb3 exd4 15.exf5 dxc3
16.Bxc3 Qd7 17.Be4 Rad8 18.f6 Bxf6 19.Bxf6 gxf6 20.Qf3 Qd2 21.Qh5 h6 22.Qf5 Rfe8
23.Rae1 Qg5 24.Qh7+ Kf8 25.Qh8+ Qg8 26.Qxh6+ Qg7 27.Qe3 Qg5 28.Qa3+ Kg7 29.h4 Qg4
30.Bf3 Qa4 31.Qxa4 Nxa4 32.Rxe8 Rxe8 33.Rd1 Re5 34.Rd2 Re1+ 35.Kg2 Rb1 36.b3 Nc5
37.Bg4 Kg6 38.Bc8 a5 39.g4 Kg7 40.Bf5 Re1 41.Rc2 Ne6 42.Bxe6 Rxe6 43.Kf3 Re5
44.Re2 Rc5 45.Re7 Rc2  1/2-1/2

[Event "HUN-chT"]
[Site "HUN"]
[Date "1992.??.??"]
[Round "?"]
[White "Lorincz, Istvan"]
[Black "Varga, Peter"]
[Result "1-0"]
[WhiteElo "2340"]
[BlackElo "2310"]

1.d4 d5 2.Nf3 Nf6 3.c4 c6 4.Nbd2 e6 5.Qc2 Bd6 6.g3 b6 7.Bg2 Bb7 8.O-O Nbd7
9.a4 a5 10.b3 O-O 11.Bb2 Rc8 12.e4 dxe4 13.Nxe4 Nxe4 14.Qxe4 Nf6 15.Qe2 c5
16.Rad1 Qe7 17.Rd3 Be4 18.Rd2 Rfd8 19.Rfd1 Bb7 20.d5 exd5 21.Qxe7 Bxe7 22.Nh4 g6
23.cxd5 Ne8 24.Nf3 Bf6 25.Bxf6 Nxf6 26.Ne5 Nd7 27.Nc4 Ba6 28.f4 Bxc4 29.bxc4 f5
30.Re1 Re8 31.Re6 Kf7 32.Rc6 Rxc6 33.dxc6 Nf6 34.Rb2 Rb8 35.Rxb6 Rxb6 36.c7 Rb1+
37.Bf1 Ng4 38.c8=Q Ne3 39.Qc7+ Kg8 40.Qd8+ Kf7 41.Kf2 Nxf1 42.Qxa5 Nxh2 43.Qc7+ Kf6
44.Qe5+ Kf7 45.Qxc5 Ng4+ 46.Ke2 Rb2+ 47.Ke1 Nf6 48.Qc7+ Kf8 49.a5 Ne4 50.a6 Rb1+
51.Ke2 Rb2+ 52.Ke3 Rb3+ 53.Kd4  1-0

[Event "Katerini op"]
[Site "Katerini"]
[Date "1992.??.??"]
[Round "?"]
[White "Angelov, Rumen"]
[Black "Hector, Jonny"]
[Result "0-1"]
[WhiteElo "2225"]
[BlackElo "2535"]

1.Nf3 d5 2.d4 Nf6 3.c4 c6 4.Qc2 g6 5.Bf4 Na6 6.e3 Bf5 7.Qb3 Nb4 8.Qxb4 e5
9.Qxb7 Rb8 10.Qxc6+ Bd7 11.Qxf6 Qxf6 12.Bxe5 Qb6 13.Nbd2 Qxb2 14.Rb1 Qxb1+
15.Nxb1 Rxb1+ 16.Kd2 Bb4+ 17.Kc2 Bf5+ 18.Bd3 Rxh1 19.Bxh8 Bxd3+ 20.Kxd3 dxc4+
21.Kxc4 Bd6 22.e4 Rf1 23.d5 Rxf2 24.Bd4 Rxa2 25.e5 Bc7 26.g3 Bb6 27.Bxb6 axb6
28.Kb5 Rf2 29.Nd4 Rd2  0-1

[Event "Kecskemet2"]
[Site "Kecskemet"]
[Date "1992.??.??"]
[Round "7"]
[White "Vaulin, Alexander"]
[Black "Siklosi, Zoltan"]
[Result "1-0"]
[WhiteElo "2515"]
[BlackElo "2415"]

1.c4 Nf6 2.Nf3 c6 3.d4 d5 4.Qb3 dxc4 5.Qxc4 Bf5 6.Nc3 e6 7.g3 Nbd7 8.Bg2 Be7
9.O-O O-O 10.e3 Ne4 11.Nd2 Nxd2 12.Bxd2 e5 13.e4 Nb6 14.Qb3 exd4 15.exf5 dxc3
16.Bxc3 Qd7 17.f6 Bxf6 18.Bxf6 gxf6 19.Qf3 Qd4 20.Rae1 Rae8 21.Qf5 Re5 22.Qxf6 Nd7
23.Qf3 Rxe1 24.Rxe1 Nf6 25.Qb3 Qd7 26.Qe3 Re8 27.Qg5+ Kf8 28.Qh6+ Kg8 29.Qg5+ Kf8
30.Rxe8+ Nxe8 31.Qc5+ Kg7 32.Qxa7 Qd1+ 33.Bf1 Nd6 34.Qe3 Kf8 35.Qd3 Qxd3
36.Bxd3 h6 37.f4 c5 38.Kf2 b6 39.g4 f6 40.Ke3 Ke7 41.b3 Ke6 42.Bc4+ Ke7 43.a4 Kd7
44.Kf3 Ke7 45.h3 Ke8 46.h4 Ke7 47.Bd3 Ke6 48.g5 fxg5 49.fxg5 hxg5 50.hxg5 Ke5
51.Kg4 Ne8 52.Kh5 Ng7+ 53.Kh6 Ne6 54.Bc4 Nd4 55.Kh7 Nf5 56.Bd3  1-0

[Event "Kecskemet"]
[Site "Kecskemet"]
[Date "1992.??.??"]
[Round "12"]
[White "Mandl, Robert"]
[Black "Braeuning, Rudolf Wilhelm"]
[Result "1/2-1/2"]
[WhiteElo "2415"]
[BlackElo "2415"]

1.c4 Nf6 2.Nf3 c6 3.d4 d5 4.Qc2 Bg4 5.Bf4 Bxf3 6.gxf3 dxc4 7.Qxc4 Nbd7 8.Nc3 g6
9.e3 Bg7 10.Qb3 Qb6 11.Bc4 Qxb3 12.Bxb3 O-O 13.Ke2 Rac8 14.Rac1 Rfd8 15.Rhd1 Nh5
16.Bg5 Kf8 17.d5 Nc5 18.dxc6 bxc6 19.Bc4 h6 20.Bh4 g5 21.Bg3 Nxg3+ 22.hxg3 Rxd1
23.Nxd1 e6 24.b4 Na4 25.Ba6 Rc7 26.Rc2 c5 27.Rc4 Ke7 28.Bb5 Nb6 29.Rxc5 Rxc5
30.bxc5 Nd7 31.c6 Nb6 32.f4 Kd6 33.Kd3 Nd5 34.fxg5 hxg5 35.Kc4 Ne7 36.e4 Nxc6
37.Bxc6 Kxc6 38.Ne3 Kb6 39.Nc2 Kc6 40.Nb4+ Kd6 41.f4 gxf4 42.gxf4 Bh6 43.Nd3 f5
44.e5+ Kc6 45.Kd4 Kb5 46.Ke3 Kc4 47.Ne1 Bf8 48.Nf3 Ba3 49.Ng5  1/2-1/2

[Event "Madrid-B"]
[Site "Madrid"]
[Date "1992.??.??"]
[Round "6"]
[White "Rojo Huerta, Gabriel"]
[Black "Gomez Baillo, Jorge H"]
[Result "1/2-1/2"]
[WhiteElo "2300"]
[BlackElo "2420"]

1.d4 d5 2.c4 c6 3.Nf3 Nf6 4.Qc2 g6 5.g3 Na6 6.Bg2 Bg7 7.cxd5 cxd5 8.Nc3 O-O
9.O-O Qb6 10.Na4 Qb5 11.Nc3 Qb6 12.Na4 Qb5 13.Nc3  1/2-1/2

[Event "Balkaniad"]
[Site "Mangalia"]
[Date "1992.??.??"]
[Round "2"]
[White "Mastrokoukos, Georgios"]
[Black "Schwartzman, Gabriel"]
[Result "1/2-1/2"]
[WhiteElo "2330"]
[BlackElo "2340"]

1.d4 d5 2.Nf3 Nf6 3.c4 c6 4.Qc2 dxc4 5.Qxc4 Bf5 6.g3 e6 7.Bg2 Nbd7 8.O-O Be7
9.Nc3 O-O 10.e3 Ne4 11.Nxe4 Bxe4 12.Bd2 Nb6 13.Qb3 Qd5 14.Qxd5 cxd5 15.Rfc1 Rfc8
16.Ne1 Bxg2 17.Kxg2 Nc4 18.Bc3 b5 19.Nd3 a5 20.Kf1 Kf8 21.Ke2 Ke8 22.f3 Nb6
23.Bd2  1/2-1/2

[Event "Manila ol (Women)"]
[Site "Manila"]
[Date "1992.??.??"]
[Round "?"]
[White "Levitina, Irina S"]
[Black "Erneste, Inguna"]
[Result "1-0"]
[WhiteElo "2400"]
[BlackElo "2320"]

1.d4 d5 2.c4 c6 3.Nf3 Nf6 4.Qc2 g6 5.Bf4 Bg7 6.e3 O-O 7.Nc3 a6 8.Rc1 Bf5
9.Qb3 b5 10.cxb5 cxb5 11.Ne5 Qa5 12.Be2 Ra7 13.O-O Be6 14.Bf3 b4 15.Ne2 Ne4
16.Qc2 Bf5 17.Bxe4 Bxe4 18.Qd2 Rb7 19.b3 f6 20.Nd3 Nd7 21.Nc5 Nxc5 22.Rxc5 Qd8
23.Rfc1 Bf5 24.Bg3 g5 25.Rc7 Rb5 26.Ra7 a5 27.Rcc7 Re8 28.h4 h6 29.hxg5 hxg5
30.Nc1 Bf8 31.Qe2 Rb6 32.Qf3 Bg6 33.Qg4 Kh7 34.f4 gxf4 35.Bxf4 Be4 36.Ne2 Rb5
37.Qh5+ Kg8 38.Ng3 Bg7 39.Nf5 Bxf5 40.Qxf5  1-0